Closest Genetic Populations to the Sardinians - Statistics

General Stats
  • This quiz has been taken 21 times
  • The average score is 5 of 10
Answer Stats
Genetic Distance Ethnicity % Correct
5.980 Italian
100%
7.008 French
95%
5.889 Spanish
95%
7.802 Greek
74%
6.455 Portuguese
68%
7.285 Sicilian
47%
7.486 Albanian
42%
8.394 Ashkenazi
11%
7.016 Basque
11%
8.691 Sephardi
5%
No matching quizzes found
Score Distribution
Percent of People with Each Score
Percentile by Number Answered
Your Score History
You have not taken this quiz